000 00597nam a2200229Ia 4500
003 OSt
005 20230524095249.0
008 210423s2013 xx 000 0 und d
020 _a978-0-85404-486-3
040 _cAL
041 _aeng
082 _a664.752 EDWS
_223
100 _aEDWARDS (W P).
_9111865
245 _aScience of bakery products.
260 _aNew Delhi
_bRSC Publishing
_c2013
300 _axiv,259
_bPB
365 _b2674.64
_cUSD
650 _aFood Technology
_9111866
650 _aGrains & Seeds
_9111867
906 _abakery ; products. ; Science
942 _2ddc
_cBK
999 _c165343
_d165343